| 000 | 00485nam a2200145Ia 4500 | ||
|---|---|---|---|
| 008 | 240729s9999 xx 000 0 und d | ||
| 022 | _a2619-645X | ||
| 245 | 0 | _aCiencia y TecnologÃa de Buques | |
| 260 | _aColombia | ||
| 260 | _bCorporación de Ciencia y TecnologÃa para el Desarrollo de la Industria Naval, MarÃtima y Fluvial - COTECMAR | ||
| 650 | _aNaval Science | ||
| 856 | _uhttps://doaj.org/toc/0ace93a188a744c499be73fa14135c9a | ||
| 942 | _2ddc | ||
| 942 | _cDOAJEJ | ||
| 999 |
_c65605 _d65605 |
||
| 945 |
_a1 _bMadushi Gamage _c1 _dMadushi Gamage |
||